[Event "Novo Mesto op"]
[Site "Novo Mesto"]
[Date "2023.10.31"]
[Round "5"]
[White "Urbanc, Peter"]
[Black "Kastelic, Marian"]
[Result "1-0"]
[WhiteElo "2163"]
[BlackElo "2244"]
[PlyCount "61"]
[EventDate "2023.10.28"]
[EventType "swiss"]
[EventRounds "9"]
[EventCountry "SLO"]
[SourceTitle "CB48_2023"]
[SourceDate "2023.11.29"]
[SourceVersion "1"]
[SourceVersionDate "2023.11.29"]
[SourceQuality "1"]

1. d4 Nf6 2. Nf3 g6 3. g3 Bg7 4. Bg2 0-0 5. 0-0 d6 6. c4 c6 7. Nc3 Nbd7 8. Bf4 h6 9. Qc1 g5 10. Be3 Ng4 11. Bd2 e5 12. h3 exd4 13. Ne4 Nge5 14. Nxd4 Nb6 15. c5 dxc5 16. Nb3 c4 17. Na5 f5 18. Nc5 Rf7 19. Rd1 Nd5 20. Nxc4 Nxc4 21. Qxc4 Bxb2 22. Rab1 Bg7 23. Bc3 Bxc3 24. Rxd5 Qe7 25. Qxc3 cxd5 26. Bxd5 Kh7 27. Bxf7 Qxf7 28. Rd1 b6 29. Rd8 bxc5 30. Qh8+ Kg6 31. Rd6+ 1-0

[Event "SLO-chT 32nd"]
[Site "Ljubljana"]
[Date "2022.09.04"]
[Round "3.2"]
[White "Tisaj, Domen"]
[Black "Urbanc, Peter"]
[Result "1-0"]
[WhiteElo "2325"]
[BlackElo "2186"]
[PlyCount "59"]
[EventDate "2022.09.02"]
[EventType "team-tourn"]
[EventRounds "9"]
[EventCountry "SLO"]
[SourceTitle "EXT 2023"]
[Source "ChessBase"]
[SourceDate "2022.10.05"]
[SourceVersion "1"]
[SourceVersionDate "2022.10.05"]
[SourceQuality "1"]
[WhiteTeam "Maribor ZSK"]
[BlackTeam "Krsko Triglav"]
[WhiteTeamCountry "SVK"]
[BlackTeamCountry "SLO"]

1. d4 d5 2. c4 e6 3. Nc3 f5 4. Bf4 Nf6 5. e3 Be7 6. Nf3 0-0 7. Be2 c6 8. 0-0 h6 9. Ne5 g5 10. Bg3 Kg7 11. Qc2 h5 12. f3 h4 13. Bf2 Nbd7 14. e4 dxe4 15. Nxd7 Bxd7 16. fxe4 f4 17. e5 Ng8 18. Rad1 Be8 19. d5 Bg6 20. Qb3 cxd5 21. cxd5 exd5 22. Nxd5 Bf7 23. e6 Bxe6 24. Qc3+ Kh7 25. Nc7 Qc8 26. Nxe6 Qxe6 27. Bd3+ Rf5 28. Rfe1 Qf7 29. Re5 Nh6 30. Qc7 1-0

[Event "SLO-chT 32nd"]
[Site "Ljubljana"]
[Date "2022.09.02"]
[Round "1.1"]
[White "Urbanc, Peter"]
[Black "Sebenik, Matej"]
[Result "0-1"]
[WhiteElo "2186"]
[BlackElo "2518"]
[PlyCount "78"]
[EventDate "2022.09.02"]
[EventType "team-tourn"]
[EventRounds "9"]
[EventCountry "SLO"]
[SourceTitle "EXT 2023"]
[Source "ChessBase"]
[SourceDate "2022.10.05"]
[SourceVersion "1"]
[SourceVersionDate "2022.10.05"]
[SourceQuality "1"]
[WhiteTeam "Krsko Triglav"]
[BlackTeam "Ljubljana Tajfun"]
[WhiteTeamCountry "SLO"]
[BlackTeamCountry "SVK"]

1. d4 d5 2. e3 Nf6 3. Nf3 e6 4. Be2 c5 5. 0-0 Nc6 6. c4 dxc4 7. Ne5 cxd4 8. Nxc6 bxc6 9. exd4 Be7 10. Nc3 Nd5 11. Bxc4 0-0 12. Ne4 a5 13. Qe2 Qb6 14. b3 a4 15. Bd2 axb3 16. axb3 Rxa1 17. Rxa1 Qxd4 18. Rd1 Qb6 19. Ra1 Bb7 20. Bc1 c5 21. Bb2 Nf4 22. Qe3 Ng6 23. Qc3 e5 24. f3 Kh8 25. Qa5 Qc6 26. Bb5 Qc8 27. Bc4 f5 28. Ng3 Bg5 29. Nf1 e4 30. fxe4 fxe4 31. Qb6 Bh6 32. h3 e3 33. Ra7 Bxg2 34. Kxg2 Nf4+ 35. Kg1 Qxh3 36. Qb7 Qg4+ 37. Kh1 e2 38. Ra8 Qh3+ 39. Nh2 e1Q+ 0-1

[Event "SLO-chT NML 31st"]
[Site "Ptuj/Grosuplje"]
[Date "2021.10.22"]
[Round "7.4"]
[White "Borisek, Jure"]
[Black "Urbanc, Peter"]
[Result "1-0"]
[WhiteElo "2591"]
[BlackElo "2207"]
[PlyCount "71"]
[EventDate "2021.10.08"]
[EventType "team-tourn"]
[EventRounds "9"]
[EventCountry "SLO"]
[SourceTitle "EXT 2023"]
[Source "ChessBase"]
[SourceDate "2022.10.05"]
[SourceVersion "1"]
[SourceVersionDate "2022.10.05"]
[SourceQuality "1"]
[WhiteTeam "Ljubljana Tajfun"]
[BlackTeam "Krsko Triglav"]
[WhiteTeamCountry "SLO"]
[BlackTeamCountry "SLO"]

1. e4 c6 2. d4 d5 3. e5 Bf5 4. Nf3 e6 5. Be2 c5 6. Be3 Nd7 7. 0-0 Ne7 8. c4 dxc4 9. Na3 Nd5 10. Nxc4 Be7 11. dxc5 0-0 12. Nd4 Be4 13. c6 Nxe3 14. fxe3 bxc6 15. Bf3 Bxf3 16. Qxf3 Bg5 17. Nxc6 Qc7 18. Rac1 f6 19. Ne7+ Kh8 20. Qh3 Bh6 21. Qxe6 Nxe5 22. Nf5 Ng4 23. Ncd6 Qb6 24. Kh1 Bxe3 25. Nf7+ Rxf7 26. Qxf7 Bh6 27. Nxh6 Nxh6 28. Qb3 Qa6 29. h3 Rg8 30. Qd5 Qb6 31. b3 Rd8 32. Qc5 Qa6 33. Rfd1 Rxd1+ 34. Rxd1 Qxa2 35. Rd8+ Ng8 36. Qd5 1-0

[Event "SLO-chT NML 31st"]
[Site "Ptuj/Grosuplje"]
[Date "2021.10.17"]
[Round "6.2"]
[White "Urbanc, Peter"]
[Black "Pavic, Filip"]
[Result "0-1"]
[WhiteElo "2207"]
[BlackElo "2237"]
[PlyCount "103"]
[EventDate "2021.10.08"]
[EventType "team-tourn"]
[EventRounds "9"]
[EventCountry "SLO"]
[SourceTitle "EXT 2023"]
[Source "ChessBase"]
[SourceDate "2022.10.05"]
[SourceVersion "1"]
[SourceVersionDate "2022.10.05"]
[SourceQuality "1"]
[WhiteTeam "Krsko Triglav"]
[BlackTeam "Zalec"]
[WhiteTeamCountry "SLO"]
[BlackTeamCountry "SLO"]

1. d4 Nf6 2. c4 e6 3. Nf3 Bb4+ 4. Bd2 Qe7 5. g3 0-0 6. Bg2 Nc6 7. 0-0 Bxd2 8. Nbxd2 d6 9. e4 e5 10. d5 Nb8 11. Ne1 a5 12. Nd3 Na6 13. a3 Nc5 14. Nxc5 dxc5 15. f4 Ra6 16. f5 Ne8 17. Nf3 Nd6 18. Qc2 a4 19. g4 f6 20. Rae1 Bd7 21. h4 c6 22. g5 cxd5 23. cxd5 Rd8 24. Rf2 c4 25. gxf6 gxf6 26. Kh2 Kh8 27. Rg1 Rg8 28. Bh1 Raa8 29. Rfg2 Rxg2+ 30. Bxg2 Rg8 31. Bf1 Rxg1 32. Nxg1 b5 33. Bg2 Nb7 34. Qd2 Kg7 35. Bf3 Qc5 36. h5 Qf8 37. Nh3 Kf7 38. Nf2 Ke7 39. Ng4 Kd8 40. Qf2 Ke7 41. Qh4 Nc5 42. Nxe5 Qb8 43. Qg4 Qxe5+ 44. Kh3 Kd6 45. h6 Nd3 46. Qg8 Qf4 47. Qb8+ Ke7 48. d6+ Qxd6 49. Qg8 Qf4 50. Qg7+ Kd8 51. Qxf6+ Kc7 52. Kg2 0-1

[Event "SLO-chT NML 31st"]
[Site "Ptuj/Grosuplje"]
[Date "2021.10.10"]
[Round "3.5"]
[White "Urbanc, Peter"]
[Black "Mohr, Georg"]
[Result "0-1"]
[WhiteElo "2207"]
[BlackElo "2406"]
[PlyCount "86"]
[EventDate "2021.10.08"]
[EventType "team-tourn"]
[EventRounds "9"]
[EventCountry "SLO"]
[SourceTitle "EXT 2023"]
[Source "ChessBase"]
[SourceDate "2022.10.05"]
[SourceVersion "1"]
[SourceVersionDate "2022.10.05"]
[SourceQuality "1"]
[WhiteTeam "Krsko Triglav"]
[BlackTeam "Maribor Poligram"]
[WhiteTeamCountry "SLO"]
[BlackTeamCountry "SLO"]

1. d4 d6 2. Nf3 g6 3. g3 Bg7 4. Bg2 Nf6 5. 0-0 0-0 6. c4 Nc6 7. Nc3 Bf5 8. d5 Na5 9. Nd4 Bd7 10. Qd3 c5 11. Nc2 a6 12. b3 Rb8 13. Bd2 Qc7 14. e4 b5 15. h3 e5 16. dxe6 Bxe6 17. Nd5 Nxd5 18. cxd5 Bd7 19. Rac1 b4 20. Nxb4 Bb5 21. Qe3 Bxf1 22. Bxf1 Qb6 23. Nxa6 Ra8 24. b4 Nb7 25. bxc5 dxc5 26. Nxc5 Rxa2 27. Nd7 Qb2 28. Nxf8 Qxd2 29. Nd7 Bd4 30. Qxd2 Rxd2 31. Ba6 Nd6 32. e5 Rxf2 33. exd6 Rc2+ 34. Kf1 Rxc1+ 35. Ke2 Ra1 36. Bb7 Ra3 37. Nb8 Rb3 38. Nc6 Rxb7 39. Nxd4 Kf8 40. Ke3 Ke8 41. Ke4 Rb4 42. Kd3 Kd7 43. Nf3 f6 0-1

[Event "SLO-chT NML 31st"]
[Site "Ptuj/Grosuplje"]
[Date "2021.10.09"]
[Round "2.2"]
[White "Drnovsek, Nejc"]
[Black "Urbanc, Peter"]
[Result "1-0"]
[WhiteElo "2265"]
[BlackElo "2207"]
[PlyCount "85"]
[EventDate "2021.10.08"]
[EventType "team-tourn"]
[EventRounds "9"]
[EventCountry "SLO"]
[SourceTitle "EXT 2023"]
[Source "ChessBase"]
[SourceDate "2022.10.05"]
[SourceVersion "1"]
[SourceVersionDate "2022.10.05"]
[SourceQuality "1"]
[WhiteTeam "Maribor Branik"]
[BlackTeam "Krsko Triglav"]
[WhiteTeamCountry "SLO"]
[BlackTeamCountry "SLO"]

1. d4 f5 2. c4 Nf6 3. Nc3 e6 4. Nf3 Be7 5. Bf4 0-0 6. e3 d6 7. Be2 h6 8. h3 Nbd7 9. Qc2 b6 10. g4 Bb7 11. Rg1 Be4 12. Nxe4 fxe4 13. g5 exf3 14. gxf6 Rxf6 15. Bxf3 Rb8 16. 0-0-0 Qf8 17. Bg4 b5 18. cxb5 Nb6 19. Qb3 Qf7 20. Bg3 Kh8 21. e4 e5 22. d5 Rxf2 23. Bxf2 Qxf2 24. Kb1 Bg5 25. Bf5 Nc8 26. Rdf1 Qe2 27. Re1 Qf2 28. Qc2 Qxc2+ 29. Kxc2 Ne7 30. Bd7 Rd8 31. Be6 Ng6 32. Rgf1 Nf4 33. Rf3 Rb8 34. Rc3 Bd8 35. Ra3 Rxb5 36. Rxa7 Rc5+ 37. Kb1 Nxe6 38. dxe6 Bg5 39. Ra8+ Kh7 40. Rg1 Bh4 41. Rc1 Rxc1+ 42. Kxc1 Kg6 43. Rf8 1-0

[Event "SLO-chT 30th"]
[Site "Gostovanja"]
[Date "2020.10.02"]
[Round "1.2"]
[White "Subelj, Jan"]
[Black "Urbanc, Peter"]
[Result "1-0"]
[WhiteElo "2410"]
[BlackElo "2220"]
[PlyCount "53"]
[EventDate "2020.10.02"]
[EventType "team-tourn"]
[EventRounds "5"]
[EventCountry "SLO"]
[SourceTitle "CBM 198 Extra"]
[Source "ChessBase"]
[SourceDate "2020.11.30"]
[SourceVersion "1"]
[SourceVersionDate "2020.11.30"]
[SourceQuality "1"]
[WhiteTeam "Maribor Poligram"]
[BlackTeam "Krsko Triglav"]
[WhiteTeamCountry "SLO"]
[BlackTeamCountry "SLO"]

1. e4 d6 2. d4 g6 3. Bd3 Bg7 4. c3 e5 5. Ne2 Nf6 6. 0-0 0-0 7. f4 exd4 8. cxd4 c5 9. dxc5 dxc5 10. e5 Nd5 11. Be4 Be6 12. Nbc3 Nxc3 13. Nxc3 Nc6 14. Bxc6 bxc6 15. Be3 Qxd1 16. Raxd1 Rfb8 17. Rf2 Bf8 18. h3 h5 19. Ne4 Kg7 20. Bxc5 Bxc5 21. Nxc5 Bxa2 22. Rd7 Rb5 23. b4 Bd5 24. e6 a5 25. Rxf7+ Kg8 26. f5 axb4 27. Nd7 1-0

[Event "Portoroz Nat Festival 30th"]
[Site "Portoroz"]
[Date "2020.09.07"]
[Round "7"]
[White "Kovac, Boris"]
[Black "Urbanc, Peter"]
[Result "1-0"]
[WhiteElo "2211"]
[BlackElo "2213"]
[PlyCount "65"]
[EventDate "2020.09.03"]
[EventType "swiss"]
[EventRounds "9"]
[EventCountry "SLO"]
[SourceTitle "CBM 198 Extra"]
[Source "ChessBase"]
[SourceDate "2020.11.30"]
[SourceVersion "1"]
[SourceVersionDate "2020.11.30"]
[SourceQuality "1"]

1. e4 d6 2. d4 Nf6 3. Nc3 g6 4. f4 d5 5. e5 Ne4 6. Bd3 Nxc3 7. bxc3 c5 8. a4 Nc6 9. Nf3 Bg4 10. Bb5 a6 11. Bxc6+ bxc6 12. 0-0 cxd4 13. cxd4 c5 14. Ba3 cxd4 15. Qxd4 Rc8 16. Qa7 Bh6 17. Nd4 Qc7 18. Qxa6 0-0 19. h3 Bd7 20. Bxe7 Rfe8 21. Bb4 Ra8 22. Qd3 Bxa4 23. c3 Ra7 24. Qf3 Qc4 25. f5 Rxe5 26. fxg6 hxg6 27. Rxa4 Be3+ 28. Kh1 Qxf1+ 29. Qxf1 Rxa4 30. Nc6 Re6 31. Nd8 Re4 32. Qxf7+ Kh8 33. Ne6 1-0

[Event "SLO-chT 29th"]
[Site "Slovenia"]
[Date "2019.12.22"]
[Round "9.4"]
[White "Rozic, Adrijan"]
[Black "Urbanc, Peter"]
[Result "0-1"]
[WhiteElo "2040"]
[BlackElo "2212"]
[PlyCount "88"]
[EventDate "2019.09.06"]
[EventType "team-tourn"]
[EventRounds "9"]
[EventCountry "SLO"]
[SourceTitle "CBM 195 Extra"]
[Source "ChessBase"]
[SourceDate "2020.05.31"]
[SourceVersion "1"]
[SourceVersionDate "2020.05.31"]
[SourceQuality "1"]
[WhiteTeam "Ig"]
[BlackTeam "Krsko Triglav"]
[WhiteTeamCountry "SLO"]
[BlackTeamCountry "SLO"]

1. d4 d5 2. Nf3 e6 3. e3 f5 4. Ne5 Nf6 5. f4 Be7 6. Be2 0-0 7. 0-0 c5 8. c3 Nc6 9. Nd2 Bd7 10. b3 cxd4 11. exd4 Rc8 12. Bb2 Nxe5 13. dxe5 Ne4 14. Nxe4 dxe4 15. c4 Qb6+ 16. Bd4 Bc5 17. Bxc5 Qxc5+ 18. Kh1 Rfd8 19. Qe1 Be8 20. Qc3 Qa3 21. Rfc1 b6 22. Rc2 Qc5 23. Rac1 a5 24. Rd2 Rxd2 25. Qxd2 g5 26. Rd1 Bc6 27. Qd6 Qxd6 28. Rxd6 gxf4 29. Rxe6 f3 30. Bf1 e3 31. Rxc6 Rxc6 32. gxf3 f4 33. Kg1 Rg6+ 34. Kh1 Kf7 35. c5 bxc5 36. Bd3 Rg5 37. Bc4+ Ke7 38. e6 h5 39. a3 h4 40. b4 cxb4 41. axb4 axb4 42. Be2 h3 43. Bd3 Ra5 44. Bf1 Ra1 0-1

[Event "SLO-ch 29th"]
[Site "Radenci"]
[Date "2019.05.04"]
[Round "9"]
[White "Urbanc, Peter"]
[Black "Sebenik, Matej"]
[Result "0-1"]
[WhiteElo "2224"]
[BlackElo "2517"]
[PlyCount "130"]
[EventDate "2019.04.27"]
[EventType "swiss"]
[EventRounds "9"]
[EventCountry "SLO"]
[SourceTitle "CBM 190 Extra"]
[Source "ChessBase"]
[SourceDate "2019.07.15"]
[SourceVersion "1"]
[SourceVersionDate "2019.07.15"]
[SourceQuality "1"]

1. Nf3 g6 2. g3 Bg7 3. d4 d6 4. Bg2 f5 5. 0-0 Nf6 6. c4 0-0 7. Nc3 c6 8. Qc2 Qc7 9. b3 Na6 10. Bb2 e5 11. dxe5 dxe5 12. Rad1 e4 13. Nd4 Ng4 14. h3 Ne5 15. f4 Nb4 16. Qb1 Ned3 17. Ncb5 cxb5 18. exd3 Nxd3 19. Rxd3 exd3 20. Bd5+ Kh8 21. Nxb5 Qb6+ 22. Kg2 Bd7 23. Bxg7+ Kxg7 24. Qxd3 Bxb5 25. cxb5 Rac8 26. Re1 Rfe8 27. Rxe8 Rxe8 28. Bf3 Re7 29. a4 Qf6 30. h4 b6 31. h5 gxh5 32. Bxh5 Qe6 33. Qd4+ Kh6 34. Bf3 Rd7 35. Qc3 Qd6 36. Qc8 Kg7 37. Bc6 Rf7 38. Bf3 Qd2+ 39. Kh3 Qd3 40. Qc6 Qd4 41. Bd5 Re7 42. Qa8 Qf6 43. Qd8 h5 44. Qg8+ Kh6 45. Bf3 Re3 46. Qd5 Rc3 47. Kg2 Rc2+ 48. Kh3 Rc3 49. Kg2 Rc7 50. Kh3 Rg7 51. Qc6 Rg6 52. Qe8 Qg7 53. Qe1 Qg8 54. Bd1 Qe6 55. Qc3 Qf6 56. Qf3 h4 57. gxh4 Qd4 58. Qa8 Kh7 59. Qf3 Kg7 60. h5 Rg1 61. Qb7+ Kh8 62. Qc8+ Rg8 63. Qc6 Qxf4 64. Qc3+ Kh7 65. Be2 Re8 0-1

[Event "Otocec Krka Terme op"]
[Site "Otocec"]
[Date "2018.12.28"]
[Round "7"]
[White "Tisaj, Domen"]
[Black "Urbanc, Peter"]
[Result "1-0"]
[WhiteElo "2100"]
[BlackElo "2280"]
[PlyCount "89"]
[EventDate "2018.12.25"]
[EventType "swiss"]
[EventRounds "9"]
[EventCountry "SLO"]
[SourceTitle "EXT 2020"]
[Source "ChessBase"]
[SourceDate "2019.10.17"]
[SourceVersion "1"]
[SourceVersionDate "2019.10.17"]
[SourceQuality "1"]

1. d4 c5 2. d5 Nf6 3. c4 b5 4. cxb5 a6 5. f3 axb5 6. e4 b4 7. e5 Ng8 8. f4 g6 9. Nf3 Nh6 10. Nbd2 Bg7 11. Ne4 d6 12. Bb5+ Bd7 13. Bc4 0-0 14. 0-0 Bf5 15. Neg5 Nd7 16. Qe2 Nb6 17. Rd1 Nxc4 18. Qxc4 Qb6 19. h3 Bd7 20. Be3 Qa6 21. Qc2 Ba4 22. b3 Bb5 23. Rd2 Rfc8 24. Re1 c4 25. bxc4 Bxc4 26. Qe4 Qa3 27. Nd4 Bxa2 28. Nc6 Nf5 29. Qxb4 Qxb4 30. Nxb4 Bc4 31. Nf3 Ra4 32. Nc2 Bb3 33. Ncd4 Nxd4 34. Nxd4 dxe5 35. Nxb3 Rb4 36. Nc1 exf4 37. Bf2 Rbc4 38. Ne2 Be5 39. Nd4 f6 40. Nc6 Bc3 41. Nxe7+ Kf8 42. Nxc8 Bxd2 43. Re8+ Kxe8 44. Nd6+ Kd7 45. Nxc4 1-0

[Event "Otocec Krka Terme op"]
[Site "Otocec"]
[Date "2018.12.25"]
[Round "2"]
[White "Rozman, Roman"]
[Black "Urbanc, Peter"]
[Result "0-1"]
[WhiteElo "1793"]
[BlackElo "2280"]
[PlyCount "44"]
[EventDate "2018.12.25"]
[EventType "swiss"]
[EventRounds "9"]
[EventCountry "SLO"]
[SourceTitle "EXT 2020"]
[Source "ChessBase"]
[SourceDate "2019.10.17"]
[SourceVersion "1"]
[SourceVersionDate "2019.10.17"]
[SourceQuality "1"]

1. d4 e6 2. c4 f5 3. Nc3 Nf6 4. g3 d5 5. Bg2 c6 6. cxd5 exd5 7. e3 Bd6 8. Nf3 0-0 9. 0-0 Qe7 10. Ne2 Be6 11. b3 Bf7 12. Bd2 Ne4 13. Be1 Nd7 14. Bh3 Bh5 15. Bg2 g5 16. Nc3 Rae8 17. Nxe4 fxe4 18. Nd2 Bxd1 19. Rxd1 g4 20. h4 h5 21. Kh2 Qxh4+ 22. Kg1 Qe7 0-1

[Event "Otocec Krka Terme op"]
[Site "Otocec"]
[Date "2018.12.25"]
[Round "3"]
[White "Urbanc, Peter"]
[Black "Bajo, Tin"]
[Result "1-0"]
[WhiteElo "2280"]
[BlackElo "1952"]
[PlyCount "77"]
[EventDate "2018.12.25"]
[EventType "swiss"]
[EventRounds "9"]
[EventCountry "SLO"]
[SourceTitle "EXT 2020"]
[Source "ChessBase"]
[SourceDate "2019.10.17"]
[SourceVersion "1"]
[SourceVersionDate "2019.10.17"]
[SourceQuality "1"]

1. d4 d5 2. e3 Nf6 3. f4 c5 4. Nf3 Nc6 5. Bd3 Bg4 6. c3 cxd4 7. exd4 e6 8. 0-0 Bd6 9. h3 Bxf3 10. Qxf3 Qa5 11. Be3 b5 12. Nd2 Rc8 13. a3 a6 14. g4 g6 15. f5 gxf5 16. Bg5 Nd7 17. Bxf5 Be7 18. Bxe7 Kxe7 19. Rae1 Nxd4 20. cxd4 Qxd2 21. Qxd5 Kd8 22. Qd6 exf5 23. Qe7+ Kc7 24. Rc1+ Kb8 25. Qd6+ Ka7 26. Qxd7+ Kb8 27. Qd6+ Kb7 28. Qd5+ Kb8 29. Qe5+ Kb7 30. Rcd1 Qxb2 31. Rxf5 Rhf8 32. Qd5+ Kb8 33. Qd6+ Kb7 34. Rf6 Qc2 35. Qb6+ Ka8 36. Qxa6+ Kb8 37. Rb6+ Kc7 38. Qb7+ Kd8 39. Rd6+ 1-0

[Event "SLO-chT 28th"]
[Site "Slovenia"]
[Date "2018.12.15"]
[Round "8.5"]
[White "Herega, Nejc"]
[Black "Urbanc, Peter"]
[Result "0-1"]
[WhiteElo "1886"]
[BlackElo "2280"]
[PlyCount "122"]
[EventDate "2018.11.02"]
[EventType "team-tourn"]
[EventRounds "9"]
[EventCountry "SLO"]
[SourceTitle "CBM 187 Extra"]
[Source "ChessBase"]
[SourceDate "2018.11.04"]
[SourceVersion "1"]
[SourceVersionDate "2018.11.04"]
[SourceQuality "1"]
[WhiteTeam "Nova Gorica"]
[BlackTeam "Krsko Triglav"]
[WhiteTeamCountry "SLO"]
[BlackTeamCountry "SLO"]

1. d4 d5 2. c4 e6 3. Nc3 f5 4. cxd5 exd5 5. Nf3 Nf6 6. Bg5 c6 7. g3 Bd6 8. Bg2 0-0 9. 0-0 Be6 10. Qc1 Nbd7 11. Bf4 Bxf4 12. Qxf4 Ne4 13. Qc1 Qf6 14. e3 g5 15. Nxe4 fxe4 16. Nd2 Bg4 17. f3 exf3 18. Nxf3 Qe7 19. Qd2 Rae8 20. Rae1 h6 21. a3 a6 22. b4 Rf6 23. Rf2 Re6 24. Rfe2 Nf6 25. Qc2 Ne4 26. Rf1 Kg7 27. Qc1 Nd6 28. h3 Bf5 29. Ne5 Rxe5 30. dxe5 Qxe5 31. Ref2 Bd3 32. Rd1 Be4 33. Qd2 Qxg3 34. Qd4+ Kh7 35. Qf6 Bxg2 36. Rxg2 Qxe3+ 37. Kh2 Qe5+ 38. Qxe5 Rxe5 39. Rf2 Kg6 40. Rf8 Re2+ 41. Kg1 Re3 42. Rdf1 Kh5 43. R1f3 Re1+ 44. Rf1 Re5 45. R1f6 Ne4 46. R6f7 Kh4 47. Kg2 b5 48. Ra7 Nd2 49. Rf2 Nc4 50. Rxa6 Re3 51. Rxc6 Rg3+ 52. Kf1 h5 53. Rcf6 Rxh3 54. Kg1 g4 55. Rh2 Rxh2 56. Kxh2 d4 57. Rf4 d3 58. Rd4 d2 59. Kg2 Ne3+ 60. Kf2 d1Q 61. Rxd1 Nxd1+ 0-1

[Event "SLO-chT 28th"]
[Site "Slovenia"]
[Date "2018.12.14"]
[Round "7.2"]
[White "Urbanc, Peter"]
[Black "Unuk, Laura"]
[Result "1-0"]
[WhiteElo "2280"]
[BlackElo "2248"]
[PlyCount "127"]
[EventDate "2018.11.02"]
[EventType "team-tourn"]
[EventRounds "9"]
[EventCountry "SLO"]
[SourceTitle "CBM 187 Extra"]
[Source "ChessBase"]
[SourceDate "2018.11.04"]
[SourceVersion "1"]
[SourceVersionDate "2018.11.04"]
[SourceQuality "1"]
[WhiteTeam "Krsko Triglav"]
[BlackTeam "Ljubljana"]
[WhiteTeamCountry "SLO"]
[BlackTeamCountry "SLO"]

1. f4 d5 2. Nf3 g6 3. e3 Bg7 4. Be2 Nd7 5. 0-0 e5 6. fxe5 Nxe5 7. Nxe5 Bxe5 8. d4 Bg7 9. c4 Ne7 10. cxd5 Nxd5 11. e4 Nb6 12. Be3 0-0 13. Nc3 c6 14. Qd2 Bg4 15. Rad1 Bxe2 16. Qxe2 Qe7 17. a4 Qb4 18. Qc2 Rad8 19. e5 c5 20. dxc5 Rxd1 21. Rxd1 Nc4 22. Nd5 Nxe3 23. Nxb4 Nxc2 24. Nxc2 Bxe5 25. b4 Rc8 26. Ne3 a5 27. Nc4 Bc3 28. Nb6 Re8 29. b5 Bb4 30. Nd7 Rc8 31. Rd5 f6 32. Kf2 Kf7 33. Ke3 Ke6 34. Kd4 Rc7 35. Nb6 h5 36. Rd6+ Kf5 37. Rxf6+ Kg5 38. c6 bxc6 39. Rxc6 Rf7 40. Nd5 Be1 41. Ke4 Rf2 42. h4+ Kxh4 43. Rxg6 Re2+ 44. Kf3 Rf2+ 45. Ke3 Ra2 46. Ne7 Bd2+ 47. Kd3 Ra3+ 48. Kc2 Bg5 49. Nf5+ Kg4 50. Nd4 Rxa4 51. Nf3 Ra2+ 52. Kd3 Rxg2 53. Rxg5+ Kxf3 54. Rxg2 Kxg2 55. b6 h4 56. b7 h3 57. b8Q h2 58. Qg8+ Kf1 59. Qf7+ Kg2 60. Qg6+ Kf2 61. Qf5+ Kg2 62. Qg4+ Kf2 63. Qe2+ Kg1 64. Ke3 1-0

[Event "SLO-chT 28th"]
[Site "Slovenia"]
[Date "2018.11.10"]
[Round "5.3"]
[White "Gjuran, Denis"]
[Black "Urbanc, Peter"]
[Result "1-0"]
[WhiteElo "2326"]
[BlackElo "2280"]
[PlyCount "129"]
[EventDate "2018.11.02"]
[EventType "team-tourn"]
[EventRounds "9"]
[EventCountry "SLO"]
[SourceTitle "CBM 187 Extra"]
[Source "ChessBase"]
[SourceDate "2018.11.04"]
[SourceVersion "1"]
[SourceVersionDate "2018.11.04"]
[SourceQuality "1"]
[WhiteTeam "Pomgrad Radenska"]
[BlackTeam "Krsko Triglav"]
[WhiteTeamCountry "SLO"]
[BlackTeamCountry "SLO"]

1. e4 d6 2. d4 Nf6 3. Nc3 Nbd7 4. Nf3 e5 5. Bc4 h6 6. 0-0 Be7 7. Re1 0-0 8. a4 exd4 9. Qxd4 Ne5 10. Be2 Be6 11. Bf4 Ng6 12. Bg3 c5 13. Qd2 d5 14. exd5 Nxd5 15. Rad1 Nxc3 16. Qxc3 Qb6 17. Ne5 Nxe5 18. Bxe5 f6 19. Bg3 Rfd8 20. a5 Qb4 21. Qe3 Bf7 22. a6 bxa6 23. c3 Rxd1 24. Rxd1 Qxb2 25. Qxe7 Re8 26. Rd8 Qc1+ 27. Bf1 Rxd8 28. Qxd8+ Kh7 29. Qd3+ Bg6 30. Qxa6 Qxc3 31. h4 Qd4 32. Qxa7 Be4 33. Qa6 Qd1 34. f3 Bf5 35. Bf2 Qc1 36. Qc4 Qb1 37. Bxc5 Bg6 38. Bf2 Qd1 39. Kh2 Qd6+ 40. Bg3 Qd1 41. Be2 Qd2 42. Qe6 Bh5 43. Bc4 Qd8 44. Qd5 Qxd5 45. Bxd5 Be8 46. Bd6 Bd7 47. Bf7 Bf5 48. Bf8 Bd3 49. Kg3 Bc2 50. h5 Bd3 51. Kf4 Bf1 52. g3 Bd3 53. Bd5 Bb5 54. Bf7 Bd3 55. Ke3 Bc2 56. Bb4 Bf5 57. Bd5 Bd7 58. Be4+ Kg8 59. Bg6 Bc6 60. f4 Bd5 61. Kd4 Bb3 62. Kc5 Kf8 63. Kc6+ Kg8 64. Kd7 Bd1 65. Ke7 1-0

[Event "SLO-ch 28th"]
[Site "Ljubljana"]
[Date "2018.05.02"]
[Round "7"]
[White "Urbanc, Peter"]
[Black "Brinovec, Dusan"]
[Result "1/2-1/2"]
[WhiteElo "2309"]
[BlackElo "2217"]
[PlyCount "119"]
[EventDate "2018.04.27"]
[EventType "swiss"]
[EventRounds "9"]
[EventCountry "SLO"]
[SourceTitle "CBM 184 Extra"]
[Source "ChessBase"]
[SourceDate "2018.06.28"]
[SourceVersion "1"]
[SourceVersionDate "2018.06.28"]
[SourceQuality "1"]

1. c4 Nf6 2. Nc3 e6 3. d4 Bb4 4. Nf3 b6 5. g3 Ba6 6. Qb3 Bxc3+ 7. Qxc3 d5 8. b3 0-0 9. Bg2 c6 10. Ba3 Re8 11. 0-0 Ne4 12. Qc2 Nd7 13. Rac1 Rc8 14. Nd2 Nxd2 15. Qxd2 dxc4 16. bxc4 c5 17. Rfd1 cxd4 18. Qxd4 Nc5 19. Bxc5 bxc5 20. Qd7 Qb6 21. Rb1 Red8 22. Rxb6 Rxd7 23. Rxd7 axb6 24. Bb7 Bxb7 25. Rxb7 g6 26. Rxb6 Ra8 27. Rb5 Rxa2 28. e3 h5 29. Rxc5 Rc2 30. Rc8+ Kg7 31. Kg2 g5 32. h4 g4 33. Kf1 f5 34. Ke1 Kf6 35. Kf1 Ke5 36. Kg2 Rc1 37. Rh8 Rxc4 38. Rxh5 Kf6 39. Rh6+ Kf7 40. Rh8 Kg7 41. Ra8 Rc6 42. Ra2 Kf6 43. f3 gxf3+ 44. Kxf3 Rb6 45. Ra3 Rc6 46. e4 Rb6 47. Re3 Rb4 48. Kf4 Ra4 49. Re1 Rb4 50. Kf3 Ra4 51. exf5 exf5 52. Re8 Ra3+ 53. Kg2 Ra2+ 54. Kh3 Ra1 55. Rb8 Ra3 56. Rf8+ Kg6 57. Kg2 Ra2+ 58. Kh3 Ra3 59. Kg2 Ra2+ 60. Kh3 1/2-1/2

[Event "SLO-ch 28th"]
[Site "Ljubljana"]
[Date "2018.04.28"]
[Round "2"]
[White "Praznik, Anton"]
[Black "Urbanc, Peter"]
[Result "1-0"]
[WhiteElo "2129"]
[BlackElo "2309"]
[PlyCount "81"]
[EventDate "2018.04.27"]
[EventType "swiss"]
[EventRounds "9"]
[EventCountry "SLO"]
[SourceTitle "CBM 184 Extra"]
[Source "ChessBase"]
[SourceDate "2018.06.28"]
[SourceVersion "1"]
[SourceVersionDate "2018.06.28"]
[SourceQuality "1"]

1. e4 b6 2. d4 Bb7 3. Bd3 e6 4. Nf3 g6 5. Bg5 f6 6. Be3 Bg7 7. Qd2 Nc6 8. Nc3 Nge7 9. a3 0-0 10. Bh6 Bxh6 11. Qxh6 Rf7 12. h4 Qf8 13. Qxf8+ Raxf8 14. 0-0 g5 15. d5 exd5 16. exd5 Ne5 17. Nxe5 fxe5 18. hxg5 Nxd5 19. Bc4 Nxc3 20. Bxf7+ Rxf7 21. bxc3 Rf5 22. f3 Rxg5 23. Rae1 Kf7 24. Kf2 Kg7 25. Rh1 e4 26. fxe4 Ra5 27. Re3 Rxa3 28. Rg3+ Kh8 29. Rh4 Ra2 30. Rf4 Rxc2+ 31. Kg1 h6 32. Rf6 Kh7 33. Rf7+ Kh8 34. e5 Rd2 35. Rfg7 Rd1+ 36. Kh2 h5 37. R7g5 Be4 38. Rxh5+ Bh7 39. Rgh3 a5 40. Rxh7+ Kg8 41. e6 1-0